Epic Rap Battles of History Quiz - Statistics

General Stats
  • This quiz has been taken 1,216 times
    1,010 since last reset
  • The average score is 32 of 80
Answer Stats
Hint Answer % Correct
#2 Adolf Hitler
83%
#16 Adolf Hitler
83%
#2 Darth Vader
78%
#16 Darth Vader
78%
#3 Abraham Lincoln
59%
#23 Abraham Lincoln
59%
#23 Barack Obama
56%
#33 Joseph Stalin
54%
#1 John Lennon
53%
#3 Chuck Norris
50%
#33 Grigori Rasputin
49%
#7 Stephen Hawking
48%
#7 Albert Einstein
47%
#6 Justin Bieber
47%
#23 Mitt Romney
47%
#20 Cleopatra
45%
#18 Mario
45%
#15 Nice Peter
45%
#33 Vladimir Putin
45%
#32 Wolfgang Amadeus
45%
#6 Ludwig Van Beethoven
44%
#18 Luigi
44%
#28 Adam
43%
#15 Epic Lloyd
43%
#20 Marilyn Monroe
43%
#28 Eve
42%
#4 Lady Gaga
42%
#32 Skrillex
42%
#21 Steve Jobs
42%
#33 Vladimir Lenin
42%
#21 Bill Gates
41%
#17 Master Chief
41%
#18 Orville Wright
41%
#4 Sarah Palin
41%
#8 The Easter Bunny
41%
#18 Wilbur Wright
41%
#26 Batman
39%
#1 Bill O'Reilly
39%
#8 Genghis Khan
39%
#29 Mahatma Gandhi
39%
#13 Mister T
39%
#19 Michael Jackson
38%
#12 William Shakespeare
38%
#5 Hulk Hogan
37%
#17 King Leonidas
37%
#27 Moses
37%
#10 Benjamin Franklin
36%
#19 Elvis Presley
36%
#27 Santa Claus
36%
#26 Sherlock Holmes
36%
#5 Kim Jong-Il
35%
#13 Mister Rogers
35%
#29 Dr. Martin Luther King Jr.
34%
#25 Bruce Lee
33%
#11 Gandalf the Grey
33%
#33 Mikhail Gorbachev
33%
#11 Albus Dumbledore
32%
#10 Billy Mays
32%
#14 Captain Kirk
32%
#5 "Macho Man" Randy Savage
32%
#14 Christopher Columbus
31%
#24 The 10th Doctor
31%
#24 The 4th Doctor
31%
#25 Clint Eastwood
30%
#26 Robin
30%
#26 Dr. Watson
29%
#22 Freddie Mercury
29%
#30 Nikola Tesla
29%
#31 Babe Ruth
28%
#22 Frank Sinatra
28%
#9 Napoleon Bonaparte
28%
#9 Napoleon Dynamite
28%
#30 Thomas Edison
28%
#24 Dr. Emmett Brown
27%
#31 Lance Armstrong
27%
#12 The Cat in the Hat
26%
#12 Thing 1
26%
#12 Thing 2
26%
#21 HAL 9000
25%
#10 Vince Offer
20%
No matching quizzes found
Score Distribution
Percent of People with Each Score
Percentile by Number Answered
Your Score History
You have not taken this quiz since the last reset